Ellátási lánc

Bibliográfiai részletek
Szerző: Túri Panna Eszter
További közreműködők: Domboróczky Dr. Zoltán
Dokumentumtípus: Projektmunka
Kulcsszavak:logisztikai marketing
SCM
szolgáltatásminőség
Trans-Sped Kft.
ügyfélélmény
Online Access:http://dolgozattar.uni-bge.hu/59842

MARC

LEADER 00000nnm a2200000 i 4500
001 dolg59842
005 20260409145635.0
008 260409suuuu hu o 000 hun d
040 |a BGE Dolgozattár Repozitórium  |b hun 
041 |a hu 
100 1 |a Túri Panna Eszter 
245 1 0 |a Ellátási lánc  |c Túri Panna Eszter  |h [elektronikus dokumentum] 
516 |a Project_work 
520 3 |a Jelen dolgozat a logisztikai szolgáltatók marketingstratégiáit vizsgálja, feltárva az ellátási lánc menedzsment és a marketing közötti kapcsolatot. A dolgozatom célja annak bemutatása, hogy a marketing milyen kucsfontosságú szerepet játszik a logisztikai cégek versenyképességének növelésében, különös tekintettel a szolgáltatásminőségre, a pozitív ügyfélélményre valamint a modern digitális marketing eszközökalkalmazására. A kutatás elméleti hátterének áttekintése után a Trans-Sped Kft. gyakorlati esettanulmányán (kérdőív) keresztül kerül elemzésre a vállalati marketingtevékenység és annak közvetlen hatása a vevői elégedettségre. A dolgozat rávilágít arra, hogy a logisztikai szektorban a marketing egyre inkább stratégiai tényezővé válik, elengedhetetlen hozzájárulva a hosszú távú üzleti sikerhez. 
695 |a logisztikai marketing 
695 |a SCM 
695 |a szolgáltatásminőség 
695 |a Trans-Sped Kft. 
695 |a ügyfélélmény 
700 1 |a Domboróczky Dr. Zoltán  |e ths 
856 4 0 |u http://dolgozattar.uni-bge.hu/59842/1/T%C3%BAri%20Panna%20Eszter%2C%20Projektmunka.pdf  |z Dokumentum-elérés 
856 4 0 |u http://dolgozattar.uni-bge.hu/59842/2/T%C3%BAri_Panna_KM%20FOSZK%20b%C3%ADr%C3%A1lati%20lap.pdf  |z Dokumentum-elérés